[Event "Ottawa op"]
[Site "Ottawa"]
[Date "1997.09.27"]
[Round "2"]
[White "Apostolov, Penka"]
[Black "Brodie, Hugh"]
[Result "0-1"]
[WhiteElo "2044"]
[BlackElo "2095"]
[PlyCount "134"]
[EventDate "1997.09.27"]
[EventType "swiss"]
[EventRounds "5"]
[EventCountry "CAN"]
[SourceTitle "EXT 2022"]
[Source "ChessBase"]
[SourceDate "2021.10.06"]
[SourceVersion "1"]
[SourceVersionDate "2021.10.06"]
[SourceQuality "1"]

1. d4 e6 2. Nf3 f5 3. g3 Nf6 4. Bg2 d5 5. c4 c6 6. 0-0 Bd6 7. b3 Qe7 8. Bb2 0-0 9. Qc1 Ne4 10. Ba3 Nd7 11. Bxd6 Qxd6 12. Nc3 Ndf6 13. Qe3 Bd7 14. Ne5 Nxc3 15. Qxc3 Rac8 16. Rfd1 Be8 17. Rac1 Bh5 18. Bf3 Bxf3 19. exf3 Nd7 20. Nxd7 Qxd7 21. Re1 Rf6 22. Qe3 Rcf8 23. Qf4 dxc4 24. Rxc4 Rd8 25. Qc1 Qd6 26. Re5 Kf7 27. b4 Rd7 28. b5 cxb5 29. Rxb5 Qa6 30. Qb2 Kg6 31. Qb3 b6 32. Rc6 Rxd4 33. Rxe6 Rd6 34. Re7 Qc8 35. Rbe5 Rd7 36. h4 Qc7 37. Qe3 h6 38. g4 Kh7 39. g5 Rf7 40. R7e6 g6 41. gxh6 Rd1+ 42. Kg2 Qc1 43. Qxc1 Rxc1 44. Re7 Rc7 45. Re8 Kxh6 46. Re2 Kh5 47. Rh8+ Rh7 48. Rg8 Kxh4 49. Rxg6 Rhg7 50. Rxg7 Rxg7+ 51. Kf1 Kg5 52. Rc2 b5 53. Ke2 Re7+ 54. Kd3 Kf4 55. Rc5 a6 56. a4 bxa4 57. Ra5 Ra7 58. Rxa4+ Kxf3 59. Ra2 a5 60. Kd4 f4 61. Ke5 a4 62. Ra3+ Kg4 63. Ra2 a3 64. Ke4 f3 65. Ke3 Re7+ 66. Kd3 Re2 67. Rxa3 Rxf2 0-1

[Event "Quebec-ch (Women)"]
[Site "Montreal"]
[Date "1995.07.02"]
[Round "9"]
[White "Apostolov, Penka"]
[Black "Pescarus, Dana"]
[Result "1-0"]
[WhiteElo "1704"]
[BlackElo "1462"]
[PlyCount "79"]
[EventDate "1995.06.21"]
[EventType "tourn"]
[EventRounds "9"]
[EventCountry "CAN"]
[SourceTitle "EXT 2022"]
[Source "ChessBase"]
[SourceDate "2021.10.06"]
[SourceVersion "1"]
[SourceVersionDate "2021.10.06"]
[SourceQuality "1"]

1. d4 Nf6 2. Nf3 d6 3. c4 g6 4. g3 Bg7 5. Bg2 Nbd7 6. Nc3 Nb6 7. b3 c6 8. Bb2 Bf5 9. 0-0 Qd7 10. Re1 0-0 11. e4 Bg4 12. Qd2 Rad8 13. d5 Nh5 14. Nd1 e5 15. Ne3 Bh6 16. Qa5 Nc8 17. Bc1 Bg7 18. Nxg4 Qxg4 19. h3 Qd7 20. Be3 c5 21. Rab1 b6 22. Qa3 h6 23. Qc1 g5 24. Nh2 f6 25. Qd1 Qf7 26. Bf3 Nf4 27. gxf4 exf4 28. Bg4 Qb7 29. Bd2 Ne7 30. Be6+ Kh7 31. Qh5 f5 32. Nf3 fxe4 33. Rxe4 Rf6 34. Bc3 Rg6 35. Bxg7 Kxg7 36. Rbe1 Rh8 37. Kf1 Kf8 38. Bc8 Qxc8 39. Rxe7 Rg7 40. Re8+ 1-0

[Event "Quebec-ch (Women)"]
[Site "Montreal"]
[Date "1995.06.30"]
[Round "8"]
[White "Trottier, Julie"]
[Black "Apostolov, Penka"]
[Result "0-1"]
[WhiteElo "1636"]
[BlackElo "1704"]
[PlyCount "80"]
[EventDate "1995.06.21"]
[EventType "tourn"]
[EventRounds "9"]
[EventCountry "CAN"]
[SourceTitle "EXT 2022"]
[Source "ChessBase"]
[SourceDate "2021.10.06"]
[SourceVersion "1"]
[SourceVersionDate "2021.10.06"]
[SourceQuality "1"]

1. d4 Nf6 2. c4 c5 3. e3 g6 4. Nc3 Bg7 5. Nf3 0-0 6. Bd3 cxd4 7. exd4 d5 8. b3 Nc6 9. Ne2 Bg4 10. Bb2 Nb4 11. Ne5 Nxd3+ 12. Qxd3 Bf5 13. Qd1 Rc8 14. Ng3 Qa5+ 15. Qd2 Qxd2+ 16. Kxd2 Be6 17. c5 Rfd8 18. f3 Nd7 19. Nxd7 Bxd7 20. b4 Re8 21. h4 Bh6+ 22. Ke1 Bb5 23. h5 Bf4 24. Ne2 e5 25. Nxf4 exf4+ 26. Kd1 Re2 27. Kc1 Rxg2 28. Bc3 Rg3 29. a4 Bc4 30. hxg6 fxg6 31. Bd2 Rxf3 32. Rg1 Re8 33. Rg4 Re4 34. b5 Rxd4 35. Bxf4 Rfxf4 36. Rxf4 Rxf4 37. Kd2 Rf3 38. c6 bxc6 39. bxc6 Ba6 40. c7 Rf7 0-1

[Event "Quebec-ch (Women)"]
[Site "Montreal"]
[Date "1995.06.25"]
[Round "5"]
[White "Yakobov, Esphire"]
[Black "Apostolov, Penka"]
[Result "1-0"]
[WhiteElo "1608"]
[BlackElo "1704"]
[PlyCount "75"]
[EventDate "1995.06.21"]
[EventType "tourn"]
[EventRounds "9"]
[EventCountry "CAN"]
[SourceTitle "EXT 2022"]
[Source "ChessBase"]
[SourceDate "2021.10.06"]
[SourceVersion "1"]
[SourceVersionDate "2021.10.06"]
[SourceQuality "1"]

1. e4 c5 2. Nf3 Nc6 3. d4 cxd4 4. Nxd4 Nf6 5. Nc3 d6 6. Be2 e5 7. Nb3 Be7 8. 0-0 0-0 9. Kh1 a5 10. Bb5 Bg4 11. f3 Be6 12. Re1 Na7 13. Bf1 Qc7 14. Nd5 Nxd5 15. exd5 Bd7 16. a4 b5 17. axb5 Nxb5 18. c4 a4 19. cxb5 axb3 20. Rxa8 Rxa8 21. Qxb3 Qa5 22. Qc3 Bd8 23. Qxa5 Bxa5 24. Re4 Bb6 25. Bd2 Bf2 26. g3 f5 27. Rb4 Ra1 28. Kg2 Bb6 29. Rb3 Rd1 30. Bb4 e4 31. fxe4 fxe4 32. Ra3 Bg4 33. Ra6 Bc5 34. Bxc5 dxc5 35. b6 Bh3+ 36. Kxh3 Rxf1 37. b7 Rf8 38. Ra8 1-0